000 00524nam a2200181 a 4500
005 20210219153537.0
008 991125n 000 0 u
035 _aUPN01000105664
222 _aESCUELA ESPAÑOLA :
_bREVISTA PROFESIONAL DE EDUCACION
245 _a¿ Qué pasa con la reforma educativa en el país Valenciano?
300 _a6
362 0 _a1990 Año 50, no. 2999, abr.
653 0 _aESPAÑA
653 0 _aPOLITICA EDUCATIVA
653 0 _aREFORMA EDUCATIVA
904 _aAC
_b043475
905 _aArticulo
999 _c79594
_d79594